000 00310nam a2200121Ia 4500
008 191201s2014 xx 000 0 und d
100 _aGARG, Santosh Kumar
245 0 _aWater Supply Engineering Vol.1
260 _aN. Delhi
_bKhanna Publisher
_c2014
300 _a1054
650 _aB.Tech(CE)
942 _2ddc
_cBK
999 _c6540
_d6540